Curriculum Development. (Record no. 3760)

MARC details
000 -LEADER
fixed length control field 00526nam a22001937a 4500
003 - CONTROL NUMBER IDENTIFIER
control field OSt
005 - DATE AND TIME OF LATEST TRANSACTION
control field 20160425192804.0
008 - FIXED-LENGTH DATA ELEMENTS--GENERAL INFORMATION
fixed length control field 160425b xxu||||| |||| 00| 0 eng d
020 ## - INTERNATIONAL STANDARD BOOK NUMBER
International Standard Book Number 0333391187
040 ## - CATALOGING SOURCE
Transcribing agency DDC.
082 ## - DEWEY DECIMAL CLASSIFICATION NUMBER
Classification number 375.BIS1985.
100 ## - MAIN ENTRY--PERSONAL NAME
Personal name Bishop,George;
9 (RLIN) 8286
245 ## - TITLE STATEMENT
Title Curriculum Development.
Remainder of title A textbook for Students.
260 ## - PUBLICATION, DISTRIBUTION, ETC. (IMPRINT)
Place of publication, distribution, etc. London,
Name of publisher, distributor, etc. Macmillan.
Date of publication, distribution, etc. 1985.
300 ## - PHYSICAL DESCRIPTION
Extent vi,260p;
Other physical details ill;
Dimensions 22cm.
504 ## - BIBLIOGRAPHY, ETC. NOTE
Bibliography, etc Bibliography ,references ,and index.
650 ## - SUBJECT ADDED ENTRY--TOPICAL TERM
Topical term or geographic name as entry element Development.
9 (RLIN) 612
942 ## - ADDED ENTRY ELEMENTS (KOHA)
Source of classification or shelving scheme Dewey Decimal Classification
Koha item type Short Loan
Holdings
Withdrawn status Lost status Source of classification or shelving scheme Damaged status Not for loan Home library Current library Date acquired Source of acquisition Inventory number Total Checkouts Full call number Barcode Date last seen Koha item type
    Dewey Decimal Classification     MUST Main Library MUST Main Library 25/04/2016 Purchase 02/17361   375.BIS1985. 2016-1332 25/04/2016 Short Loan
    Dewey Decimal Classification     MUST Main Library MUST Main Library 25/04/2016 Purchase 01/15905   375. BIS 1985. 2016-1333 25/04/2016 Short Loan
    Dewey Decimal Classification     MUST Main Library MUST Main Library 25/04/2016 Purchase 00/14613   375. BIS 1985. 2016-1334 25/04/2016 Short Loan
    Dewey Decimal Classification     MUST Main Library MUST Main Library 25/04/2016 Purchase 02/17360   375. BIS 1985. 2016-1335 25/04/2016 Short Loan
    Other/Generic Classification Scheme     MUST Main Library MUST Main Library 06/03/2017 Purchase 05/28328   375.BIS1985. 2017-0347 06/03/2017 Open Shelf
    Dewey Decimal Classification     MUST Main Library MUST Main Library 13/12/2023 Purchase 02/17362   375 BIS 1985. 2023-0733 13/12/2023 Open Shelf